000 00841nam a22002295i 4500
001 164460
003 ES-MaACL
005 20230906212936.0
008 990226s1849 fr |||| | fre d
040 _aCCPB | B
_bspa
_cCCPB | B
100 1 _aSalles, Eusèbe.
_9132339
245 1 0 _aHistoire Générale des Races Humaines ou Philosophie ethnographique /
_cpar Eusèbe Fr. de Salles.
260 _aParis :
_bBenjamin Duprat :
_bPagnerre,
_c1849.
300 _aVIII, 385 p. ;
_c18 cm.
596 1 _aMarca tip. en port.
597 1 _aAntep.
650 _aRaza-
_xHistoria.
_9224025
740 0 _aPhilosophie Etnographique.
752 _aFrancia -
_dParís
852 _aES-MaACL
_jF-7946
_z-- Enc. hol.
_x-- Edic.: En verso de la antep. consta el imp.: Marseille : Imprimerie Française et Orientale de Carnaud
999 _c164460
_d164460